000 00296nam a22001337a 4500
003 SGT
020 _a978-1-8478-7540-2
082 _a616.89
_bE13B
100 _aBARNES, JIM
245 _aESSENTIAL BIOLOGICAL PSYCHOLOGY
260 _aLOS ANGELES
_bSAGE
_c2013
300 _a390
942 _2ddc
_cBK
999 _c18111
_d18111